000 00730nas a2200181 i 4500
001 173654
003 ES-MaACL
005 20250217134856.0
008 091223d1915 sp | | ||pa d
245 0 0 _aDocumentos e informes del Comité Internacional de Propaganda.
260 _aMadrid :
_bComité Internacional de Propaganda,
_c[1915?]- (
_fP. Orrier)
300 _a16, 32,31,16,16 p.. :
_bil. ;
_c21 cm.
500 _aAl final del texto, figura la fecha y: "Por el Comité internacional de propaganda, E. Merimée y P. Paris, directores del Instituto Francés de Madrid.
650 0 4 _aGuerra mundial, 1914-1918.
_913212
852 _aES-MaACL
_jT-1464-F-3
866 0 _o(nº3-4, 6, 8-9 de 1915)
999 _c173654
_d173654